1000 perkataan : kamus dwibahasa (Bahasa Inggeris-Bahasa Melayu)

Bibliographic Details
Format: Book
Published: Advantage Quest Sdn. Bhd. , 2018
Subjects:

MARC

LEADER 00000cam a2200000 7i4500
001 0000082931
005 20190307.0
008 190307
020 |a 9789670789712 
041 0 |a English 
090 0 0 |a JF   |b DIC MAL 
245 0 0 |a 1000 perkataan :   |b kamus dwibahasa (Bahasa Inggeris-Bahasa Melayu) 
246 0 0 |a Judul asal: 1000 words English-French   |b my bilingual wordbook 
260 |b Advantage Quest Sdn. Bhd. ,   |c 2018 
300 |a 73p. :   |b col.ill. ;   |c 32cm. 
500 |a Children ages 7-9 years old (orange) 
541 0 0 |c Purchased on 2018   |f 5491 JI   |h RM26.91 
650 0 |a Dictionary, Malay 
999 |a 0001554709   |b Book   |c Children Collection   |e Cawangan Pontian 
999 |a 0001554711   |b Book   |c Children Collection   |e Cawangan Taman Sri Lambak 
999 |a 0001554712   |b Book   |c Children Collection   |e Cawangan Bandar Penawar 
999 |a 0001554713   |b Book   |c Children Collection   |e Cawangan Segamat 
999 |a 0001554714   |b Book   |c Children Collection   |e Cawangan Taman Universiti 
999 |a 0001554715   |b Book   |c REFERENCE   |e Cawangan Bandar Tenggara 
999 |a 0001554716   |b Book   |c Children Collection   |e Cawangan Tangkak 
999 |a 0001554717   |b Book   |c Children Collection   |e Cawangan Tmn. Ungku Tun Aminah 
999 |a 0001554718   |b Book   |c Children Collection   |e Cawangan Mersing 
999 |a 0001554719   |b Book   |c Children Collection   |e Cawangan Batu Pahat 
999 |a 0001554720   |b Book   |c Children Collection   |e Cawangan Kota Tinggi 
999 |a 0001554722   |b Book   |c Children Collection   |e Cawangan Bukit Gambir 
999 |a 0001555185   |b Book   |c Children Collection   |e Perbadanan Perpustakaan Awam Johor 
999 |a 0001555186   |b Book   |c Children Collection   |e Cawangan Urban Transformation Centre